Culture Générale - Série 1265 - Statistiques

Statistiques générales
  • Ce quiz a été pris 80 fois
  • Le résultat moyen est 6 sur 10
Statistiques - réponses
Question Réponse % Correct
Quelle ville italienne abrite le pont du Rialto ? Venise
96%
À quel compositeur doit-on “La Flûte enchantée”, pièce lyrique créée en 1791 ? Mozart
93%
Quel type de gant couvre entièrement la main, sans séparation pour les doigts, sauf pour le pouce ? moufle
89%
Quel oiseau passereau, proche du rossignol, se caractérise par une poitrine rouge vif ? rouge-gorge
83%
Quel artiste néerlandais a peint "La Nuit étoilée", en 1889, exposée au MoMa de New York ? Vincent Van Gogh
83%
Quelle ancienne ville fut détruite par le feu en même temps que Sodome ? Gomorrhe
56%
Quel morceau de boeuf, dont le nom est issu du mot alouette, comprend le filet, le contre-filet et le romsteck ? aloyau
52%
Quelle sorte de mammifère est le magot ? singe
35%
En russe, par quel terme désigne-t-on une vieille femme ou une grand-mère ? babouchka
33%
Le boys band français les "2be3" était formé de trois amis d'enfance prénommés Filip, Adel et... Frank
25%
Aucun quiz correspondant
Distribution des résultats
% des personnes avec chaque résultat
Percentile par nombre de réponses
Votre historique - résultats
Vous n’avez pas pris ce quiz